000 00275nam a2200121Ia 4500
005 20260328101518.0
008 260328s9999||||xx |||||||||||||| ||und||
245 0 _aBergame :
_b Et son territoire /
260 _bBolis
300 _a70 p.
650 _aEDAD MODERNA
942 _cBK
999 _c9452
_d9452